Better schools /

Bibliographic Details
Main Author: Gregory, Benjamin Carlisle, 1849-
Other Authors: Hughes, James L. (James Laughlin), 1846-1935
Format: Book
Language:English
Published: New York : The Macmillan company, 1912.
Subjects:

MARC

Tag First Indicator Second Indicator Subfields
LEADER 00000cam a2200000 4500
001 in00000081667
005 20151008053028.0
008 781019s1912 nyuc 00110 enge
010 |a  12017632  
035 |a (OCoLC)04306194 
035 |9 AAH5920AM 
040 |a DLC  |c ISU  |d ISU  |d TXA  |d UtOrBLW 
049 |a TXAM  |c 1 [2886]  
050 0 0 |a LB1025  |b .G82 
092 |a 372.01  |b G822b 
100 1 |a Gregory, Benjamin Carlisle,  |d 1849- 
245 1 0 |a Better schools /  |c by B. C. Gregory, ed. by James L. Hughes. 
264 1 |a New York :  |b The Macmillan company,  |c 1912. 
300 |a xi, 283 pages :  |b portrait ;  |c 20 cm. 
336 |a text  |b txt  |2 rdacontent 
337 |a unmediated  |b n  |2 rdamedia 
338 |a volume  |b nc  |2 rdacarrier 
650 0 |a Education. 
650 0 |a Teaching. 
700 1 |a Hughes, James L.  |q (James Laughlin),  |d 1846-1935. 
999 |a MARS 
999 f f |s cf440517-8930-3f43-ae54-5e4f5c724d49  |i 7219189a-1e66-3c32-b4bc-e1ec2ac5df11  |t 0 
952 f f |p normal  |a Texas A&M University  |b College Station  |c Sterling C. Evans Library  |d Evans: Library Stacks  |t 0  |e LB1025 .G82  |h Library of Congress classification  |i unmediated -- volume  |m A14800849469 
998 f f |a LB1025 .G82  |t 0  |l Evans: Library Stacks